Online Catalogue and eLibrary

Samooga-panpaattumaanidaviyal : (Record no. 3763)

MARC details
000 -LEADER
fixed length control field 00431nam a2200157Ia 4500
005 - DATE AND TIME OF LATEST TRANSACTION
control field 20240624050709.0
008 - FIXED-LENGTH DATA ELEMENTS--GENERAL INFORMATION
fixed length control field 240331s9999 xx 000 0 und d
020 ## - INTERNATIONAL STANDARD BOOK NUMBER
ISBN 8177200364
082 ## - DDC Classification
Item Number - Author Mark MON
Class No. 894.811
100 ## - MAIN ENTRY--PERSONAL NAME
Personal name Monaghan, J
245 #0 - TITLE STATEMENT
Title Samooga-panpaattumaanidaviyal :
Remainder of title mikach curukkamana arimugam
260 ## - PUBLICATION, DISTRIBUTION, ETC.
Place of publication, distribution, etc. puthanatham
Name of publisher, distributor, etc. adaiyalam
Date of publication, distribution, etc. 2005
300 ## - PHYSICAL DESCRIPTION
Extent (e.g. Volumes, Pages etc.) 224 p .,
650 ## - SUBJECT ADDED ENTRY--TOPICAL TERM
Topical term or geographic name entry element Social & cultural Anthropology
942 ## - Koha item type (Biblio)
Koha item type Books in Stacks (Lending)
Holdings
Lost status Damaged status Collection code Home library Current library Shelving location Date acquired Full call number Accession Number Item type
    Lending WERC Library WERC Library Social Science Cupboard 03/31/2024 894.811 MON 5520 Books in Stacks (Lending)

© WERC Library